Management Of Industry In India (Record no. 1233897)

MARC details
000 -LEADER
fixed length control field 00503nam a2200193Ia 4500
008 - FIXED-LENGTH DATA ELEMENTS--GENERAL INFORMATION
fixed length control field 151121s9999||||xx |||||||||||||| ||und||
082 ## - DEWEY DECIMAL CLASSIFICATION NUMBER
Classification number 658।913/Par
082 ## - DEWEY DECIMAL CLASSIFICATION NUMBER
Item number HNW-48266
100 ## - MAIN ENTRY--PERSONAL NAME
Personal name Parekh H।T।
245 ## - TITLE STATEMENT
Title Management Of Industry In India
260 ## - PUBLICATION, DISTRIBUTION, ETC. (IMPRINT)
Name of publisher, distributor, etc "Vora & Co, Bombay"
260 ## - PUBLICATION, DISTRIBUTION, ETC. (IMPRINT)
Date of publication, distribution, etc --
300 ## - PHYSICAL DESCRIPTION
Extent 74
600 ## - SUBJECT ADDED ENTRY--PERSONAL NAME
Personal name Parekh H।T।
630 ## - SUBJECT ADDED ENTRY--UNIFORM TITLE
Uniform title Management Of Industry In India
700 ## - ADDED ENTRY--PERSONAL NAME
Personal name Parekh H।T।
730 ## - ADDED ENTRY--UNIFORM TITLE
Uniform title Management Of Industry In India
942 ## - ADDED ENTRY ELEMENTS (KOHA)
Koha item type Book
Holdings
Withdrawn status Lost status Damaged status Not for loan Home library Current library Date acquired Cost, normal purchase price Total Checkouts Full call number Barcode Date last seen Cost, replacement price Price effective from Koha item type
        Hirachand Nemchand Wachanalaya, Solapur Hirachand Nemchand Wachanalaya, Solapur 11/21/2015 7.00   HNW-48266 HNW-48266 11/21/2015 7.00 11/21/2015 Book